<?xml version="1.0" encoding="UTF-8"?>
<collection xmlns="http://www.loc.gov/MARC21/slim">
 <record>
  <leader>01279nam a2200289   4500</leader>
  <controlfield tag="001">DLU100105309</controlfield>
  <controlfield tag="005">##20100325</controlfield>
  <datafield tag="040" ind1="#" ind2="#">
   <subfield code="a">DLU</subfield>
   <subfield code="b">vie</subfield>
  </datafield>
  <datafield tag="041" ind1="#" ind2="#">
   <subfield code="a">vie</subfield>
  </datafield>
  <datafield tag="044" ind1="#" ind2="#">
   <subfield code="a">vn</subfield>
  </datafield>
  <datafield tag="082" ind1="#" ind2="#">
   <subfield code="a">635.934 4</subfield>
   <subfield code="b">NG-L</subfield>
  </datafield>
  <datafield tag="100" ind1="#" ind2="#">
   <subfield code="a">Nguyễn Hữu Lễ.</subfield>
  </datafield>
  <datafield tag="245" ind1="#" ind2="#">
   <subfield code="a">Khảo sát ảnh hưởng của môi trường dinh dưỡng khoáng và chất điều hoà tăng trưởng thực vật IBA, ba đến khả năng tạo chồi và rễ phong lan Denrobium Anosmum :</subfield>
   <subfield code="b">Tóm tắt Luận văn Thạc sĩ Sinh học /</subfield>
   <subfield code="c">Nguyễn Hữu Lễ; Nguyễn Văn Vinh hướng dẫn.</subfield>
  </datafield>
  <datafield tag="260" ind1="#" ind2="#">
   <subfield code="a">Đà Lạt :</subfield>
   <subfield code="b">Trường Đại học Đà lạt,</subfield>
   <subfield code="c">2009.</subfield>
  </datafield>
  <datafield tag="300" ind1="#" ind2="#">
   <subfield code="a">24 tr. :;</subfield>
   <subfield code="c">21 cm.</subfield>
  </datafield>
  <datafield tag="653" ind1="#" ind2="#">
   <subfield code="a">Kỹ thuật nông nghiệp</subfield>
   <subfield code="a">Sinh lý học thực vật</subfield>
   <subfield code="a">Vi nhân giống</subfield>
   <subfield code="a">Môi trường nuôi cấy</subfield>
   <subfield code="a">Môi trường dinh dưỡng</subfield>
   <subfield code="a">Tạo chồi</subfield>
   <subfield code="a">Tạo rễ</subfield>
   <subfield code="a">Cây hoa lan</subfield>
   <subfield code="a">Phong lan</subfield>
   <subfield code="a">Dendrobium Hancockii</subfield>
  </datafield>
  <datafield tag="700" ind1="#" ind2="#">
   <subfield code="a">Nguyễn Văn Vinh,</subfield>
   <subfield code="c">TS,</subfield>
   <subfield code="e">hướng dẫn.</subfield>
  </datafield>
  <datafield tag="915" ind1="#" ind2="#">
   <subfield code="a">Sinh học Thực nghiệm</subfield>
   <subfield code="b">604230</subfield>
   <subfield code="c">Thạc sĩ</subfield>
   <subfield code="d">Trường Đại học Đà lạt</subfield>
   <subfield code="e">Bộ Giáo dục và Đào tạo</subfield>
  </datafield>
  <datafield tag="992" ind1="#" ind2="#">
   <subfield code="a">0</subfield>
  </datafield>
  <datafield tag="994" ind1="#" ind2="#">
   <subfield code="a">DLU</subfield>
  </datafield>
  <datafield tag="900" ind1="#" ind2="#">
   <subfield code="a">True</subfield>
  </datafield>
  <datafield tag="911" ind1="#" ind2="#">
   <subfield code="a">Đào Thị Thu Huyền</subfield>
  </datafield>
  <datafield tag="925" ind1="#" ind2="#">
   <subfield code="a">G</subfield>
  </datafield>
  <datafield tag="926" ind1="#" ind2="#">
   <subfield code="a">A</subfield>
  </datafield>
  <datafield tag="927" ind1="#" ind2="#">
   <subfield code="a">LA</subfield>
  </datafield>
  <datafield tag="980" ind1="#" ind2="#">
   <subfield code="a">Thư viện Trường Đại học Đà Lạt</subfield>
  </datafield>
 </record>
</collection>
